Pharrell Williams Charting Songs (Billboard Hot 100) - Statistics

General Stats
  • This quiz has been taken 51 times
    8 since last reset
  • The average score is 11 of 28
Answer Stats
Album Weeks On Peak Artist(s) Song % Correct
Despicable Me 2 and Girl 47 Weeks #1 (10 Weeks) Pharrell Williams Happy
100%
Blurred Lines 48 Weeks #1 (12 Weeks) Robin Thicke ft. T.I. & Pharrell Williams Blurred Lines
86%
Random Access Memories 29 Weeks #2 Daft Punk ft. Pharrell Williams Get Lucky
86%
R&G (Rhythm & Gangsta): The Masterpiece 30 Weeks #1 (3 Weeks) Snoop Dogg ft. Pharrell Williams Drop It Like It's Hot
71%
Funk Wav Bounces Vol. 1 18 Weeks #20 Calvin Harris ft. Pharrell Williams, Katy Perry & Big Sean Feels
71%
Clones 23 Weeks #5 Pharrell Williams ft. Jay-Z Frontin'
57%
Don't Tap The Glass 2 Weeks #33 Tyler, The Creator & Pharrell Williams ft. Sk8brd Big Poe
43%
Non-Album Single 7 Weeks #26 Pharrell Williams, 21 Savage & Tyler, The Creator Cash In Cash Out
43%
Girl 15 Weeks #23 Pharrell Williams Come Get It Bae
43%
Despicable Me 4 1 Week #89 Pharrell Williams Double Life
43%
Funk Wav Bounces Vol. 1 1 Week #96 Calvin Harris ft. Young Thug, Pharrell Williams & Ariana Grande Heatstroke
43%
Call Me If You Get Lost 2 Weeks #40 Tyler, The Creator ft. Lil Uzi Vert & Pharrell Williams JUGGERNAUT
43%
LUV is Rage 2 2 Weeks #79 Lil Uzi Vert ft. Pharrell Williams Neon Guts
43%
Paid tha Cost to Be tha Boss 20 Weeks #6 Snoop Dogg ft. Pharrell Williams & Uncle Charlie Wilson Beautiful
29%
Non-Album Single 1 Week #74 Pharrell Williams ft. Miley Cyrus Doctor (Work It Out)
29%
Non-Album Single 1 Week #88 Pharrell Williams & Travi$ Scott Down In Atlanta
29%
B.O.A.T.S. II: Me Time 13 Weeks #66 2 Chainz ft. Pharrell Williams Feds Watching
29%
Non-Album Single 1 Week #82 Don Toliver & Speedy ft. J-Hope & Pharrell Williams LV Bag
29%
Release Therapy 25 Weeks #1 (2 Weeks) Ludacris ft. Pharrell Money Maker
29%
Honest 18 Weeks #46 Future ft. Pharrell Williams, Pusha T & Casino Move That Doh
29%
In My Mind 3 Weeks #57 Pharrell Williams ft. Kanye West Number One
29%
Non-Album Single 1 Week #83 Pharrell Williams x Camila Cabello Sangria Wine
29%
Universal Mind Control 6 Weeks #62 Common ft. Pharrell Williams Universal Mind Control
29%
Block Party 14 Weeks #22 Missy Elliott ft. Pharrell Williams WTF (Where They From)
29%
In My Mind 8 Weeks #49 Pharrell Williams ft. Gwen Stefani Can I Have It Like That
14%
It's Almost Dry 2 Weeks #76 Pusha T ft. Jay-Z & Pharrell Williams Neck & Wrist
14%
Genesis 20 Weeks #11 Busta Rhymes ft. P. Diddy & Pharrell Williams Pass the Courvoisier Part II
14%
Still Over It 1 Week #77 Summer Walker, Pharrell Williams & The Neptunes Dat Right There
0%
No matching quizzes found
Score Distribution
Percent of People with Each Score
Percentile by Number Answered
Your Score History
You have not taken this quiz since the last reset